Czynniki i pomiar wartości biznesu
Saved in:
| Other Authors: | , , , |
|---|---|
| Format: | Book |
| Language: | Polish |
| Published: |
Lublin
Politechnika Lubelska
2017
|
| Edition: | 1st edition |
| Series: | Monografie – Politechnika Lubelska
|
| Subjects: | |
| Tags: |
No Tags, Be the first to tag this record!
|
MARC
| LEADER | 00000nlm a2200000 4500 | ||
|---|---|---|---|
| 001 | 0240318 | ||
| 005 | 20220830105917.9 | ||
| 020 | |a 978-83-7947-288-8 | ||
| 041 | 0 | |a pol | |
| 044 | |a PL | ||
| 245 | 1 | 0 | |a Czynniki i pomiar wartości biznesu |c redakcja naukowa: Wieslaw Janik, Artur Paździor ; recenzenci: Wiesława Caputa ... [et al.] |
| 250 | |a 1st edition | ||
| 264 | 1 | |a Lublin |b Politechnika Lubelska |c 2017 | |
| 300 | |a online [187 s.] | ||
| 490 | 1 | |a Monografie – Politechnika Lubelska | |
| 830 | 0 | |a Monografie – Politechnika Lubelska | |
| 610 | 2 | 0 | |a podnikanie |
| 610 | 2 | 0 | |a obchod |
| 610 | 2 | 0 | |a hodnota podniku |
| 610 | 2 | 0 | |a kapitál ľudský |
| 610 | 2 | 0 | |a reklama |
| 700 | 1 | |a Janik, Wieslaw | |
| 700 | 1 | |a Paździor, Artur | |
| 700 | 1 | |a Caputa, Wiesława | |
| 700 | 1 | |a Kijek, Tomasz | |